Keynes and after (Record no. 95627)

MARC details
000 -LEADER
fixed length control field 00338nam a2200145Ia 4500
008 - FIXED-LENGTH DATA ELEMENTS--GENERAL INFORMATION
fixed length control field 230917s9999||||xx |||||||||||||| ||und||
040 ## - CATALOGING SOURCE
-- 66074
Original cataloging agency VIVEKANANDA LIBRARY
041 ## - Language
-- English
082 ## - DDC NUMBER
Classification number 330.156 S49K
100 ## - MAIN ENTRY--PERSONAL NAME
Personal name Stewart, Michael
245 #0 - TITLE STATEMENT
Title Keynes and after
260 ## - PUBLICATION, DISTRIBUTION, ETC. (IMPRINT)
Place of publication, distribution, etc Middlesex
Name of publisher, distributor, etc Penguin
Date of publication, distribution, etc 1967
300 ## - PHYSICAL DESCRIPTION
Pages 271 p.
942 ## - ADDED ENTRY ELEMENTS (KOHA)
Koha item type Books
Holdings
Withdrawn status Lost status Damaged status Not for loan Location (home branch) Sublocation or collection (holding branch) Date acquired Koha issues (times borrowed) Koha full call number Accession No. Koha date last seen Koha item type
        VIVEKANANDA LIBRARY VIVEKANANDA LIBRARY 16/01/2003   330.156 S49K 17793 17/09/2023 Books
© Designed and Maintained by Vivekananda Library, MDU Rohtak